01539nam a2200241 a 450000100100000000500170001000800410002704000250006808200220009310000300011524500400014525000110018526000380019630000320023450000420026650503450030859000750065304900090072895201810073795201810091895201810109999900170128000003544820200930074341.0111031s1952 ag ac 000 0 spa d aDO-SdBNPbspacBNPHU axxxxbM671p, 19521 aMira y López, E.96128810aPsiquiatría /cE. Mira y López. a4a ed. aBuenos Aires :bEl Ateneo,c1952. a3 v. :bil, retr. ;c26 cm. aIncluye referencias bibliográficas.0 gv. 1tPsicología médica y psicopatología --gv. 2tPsiquiatría clínica /rR. Araña Íniguez,rJ. Galeano,rRamón Melgar,rBraulio A. Moyano --gv. 3tDiagnóstico, asistencia, tratamiento y profilaxis psiquiátricos /rAbraham Mosovich,rMario Yahn,rE. Mariz de Oliveira Neto,rPaulo F. de Barros,rAloysio Mattos Pimenta. aPerteneció a la biblioteca personal de Juan Isidro Jimenes Grullón aBNGR 001050718MOaGRbGRcCTd2011-10-31iLF1l0ov. 1p35448-10r2020-06-25w2020-06-25y1zPerteneció a la biblioteca personal de Juan Isidro Jimenes GrullónZNo se presta 001050718MOaGRbGRcCTd2011-10-31iLF1l0ov. 2p35448-20r2020-06-25w2020-06-25y1zPerteneció a la biblioteca personal de Juan Isidro Jimenes GrullónZNo se presta 001050718MOaGRbGRcCTd2011-10-31iLF1l0ov. 3p35448-30r2020-06-25w2020-06-25y1zPerteneció a la biblioteca personal de Juan Isidro Jimenes GrullónZNo se presta c34939d34939